| 000 | 00000nam 2200000za 4500 |
| 001 | 9.846966 |
| 003 | CaOODSP |
| 005 | 20221107153330 |
| 007 | cr ||||||||||| |
| 008 | 171110s1989 onc |o f|0| 0 fre d |
| 040 | |aCaOODSP|bfre |
| 043 | |an-cn--- |
| 086 | 1 |aCS11-0019/21F-PDF |
| 100 | 1 |aRobb, A. Leslie, |d1943- |
| 245 | 10|aConsommation, revenus et retraite |h[ressource électronique] / |cpar A.L. Robb et J.B. Burbridge. |
| 260 | |a[Ottawa] : |bStatistique Canada, |c1989. |
| 300 | |a[70] p. |
| 490 | 0 |aDocuments de recherche ; |vno. 21 |
| 500 | |aPubl. aussi en anglais sous le titre : Consumption, income and retirement. |
| 500 | |aÉdition numérisée de l'imprimé [par Statistique Canada]. |
| 504 | |aComprend des références bibliographiques. |
| 520 | |a« Nous utilisons les données non publiées de l'enquête sur les dépenses des familles canadiennes, plus précisément celles qui se rapportent aux individus pour les années 1969 à 1982, pour estimer les profils de consommation et de revenus par âge des ménages formés de couples mariés, en portant attention à la période de transition entre le travail et la retraite. Les suppositions communes des modèles de cycle de vie à simulation numérique - les profils consommation-âge à courbes ascendantes et faibles épargnes à la retraite - ne sont pas confirmées par les faits. Il est permis de penser que la consommation de certains ménages (ménages de cols bleus) diminue de manière discontinue à l'approche de la retraite, ce qui permet de douter de la validité de l'hypothèse fréquemment posée selon laquelle l'utilité marginale de la consommation est indépendante de la quantité de loisir consommé. De plus, l'article démontre que l'incertitude du modèle du cycle de vie peut rationaliser les résultats empiriques et peut donc représenter un meilleur véhicule pour simuler les politiques. »--Résumé. |
| 692 | 07|2gccst|aConsommation |
| 692 | 07|2gccst|aRevenu |
| 692 | 07|2gccst|aRetraite |
| 700 | 1 |aBurbridge, J. B. |
| 710 | 2 |aStatistique Canada. |bDirection des études analytiques. |
| 775 | 08|tConsumption, income and retirement |w(CaOODSP)9.846958 |
| 830 | #0|aDocuments de recherche (Statistique Canada. Direction des études analytiques)|vno 21|w(CaOODSP)9.500842 |
| 856 | 40|qPDF|s6.03 Mo|uhttps://publications.gc.ca/collections/collection_2017/statcan/11f0019m/CS11-0019-21-fra.pdf |